Himpunan perundang-undangan kesehatan 1960-1965. (Record no. 86855)

MARC details
000 -LEADER
fixed length control field 00609cam a22002051 4500
001 - CONTROL NUMBER
control field sa 68015995
003 - CONTROL NUMBER IDENTIFIER
control field DLC
005 - DATE AND TIME OF LATEST TRANSACTION
control field 20260227112651.0
008 - FIXED-LENGTH DATA ELEMENTS--GENERAL INFORMATION
fixed length control field 891222s1966 io 000 0 ind
010 ## - LIBRARY OF CONGRESS CONTROL NUMBER
LC control number sa 68015995
035 ## - SYSTEM CONTROL NUMBER
System control number (OCoLC)23537106
040 ## - CATALOGING SOURCE
Original cataloging agency DLC
Transcribing agency MiU
Modifying agency DLC
042 ## - AUTHENTICATION CODE
Authentication code premarc
050 00 - LIBRARY OF CONGRESS CALL NUMBER
Classification number LAW <Indonesia 4 Health 1966>
110 1# - MAIN ENTRY--CORPORATE NAME
Corporate name or jurisdiction name as entry element Indonesia.
245 10 - TITLE STATEMENT
Title Himpunan perundang-undangan kesehatan 1960-1965.
260 ## - PUBLICATION, DISTRIBUTION, ETC.
Place of publication, distribution, etc. [Djakarta]
Name of publisher, distributor, etc. Bagian Penerbitan Biro Hubungan Masjarakat, Departemen Kesehatan
Date of publication, distribution, etc. [1966]
300 ## - PHYSICAL DESCRIPTION
Extent 96 p.
Dimensions 22 cm.
650 #0 - SUBJECT ADDED ENTRY--TOPICAL TERM
Topical term or geographic name entry element Public health laws
Geographic subdivision Indonesia.

No items available.

Powered by Koha